[Event "GER-ch53 V10 email"]
[Site "GER email"]
[Date "2021.04.21"]
[Round "?"]
[White "Kloster, Josef"]
[Black "Egner, Michael"]
[Result "1/2-1/2"]
[WhiteElo "2207"]
[BlackElo "2110"]
[PlyCount "121"]
[EventDate "2021.04.21"]
[EventType "tourn (corr)"]
[EventRounds "10"]
[EventCountry "GER"]
[SourceTitle "Corr 2024"]
[Source "ChessBase"]
[SourceDate "2023.10.19"]
[SourceVersion "1"]
[SourceVersionDate "2023.10.19"]
[SourceQuality "1"]

1. d4 Nf6 2. c4 g6 3. Nc3 d5 4. Nf3 Bg7 5. Qb3 dxc4 6. Qxc4 0-0 7. e4 a6 8. Be2 b5 9. Qb3 c5 10. dxc5 Be6 11. Qc2 Nbd7 12. Be3 Rc8 13. Rd1 b4 14. Nd5 Bxd5 15. exd5 Nxc5 16. 0-0 Qd6 17. Rc1 Qb8 18. Rfd1 a5 19. Bc4 Nb7 20. Qe2 Nd6 21. Bf4 Qa8 22. b3 Rfe8 23. Nd4 Nfe4 24. Nc6 Bf6 25. Qf3 Ng5 26. Bxg5 Bxg5 27. Rc2 Bf6 28. Qf4 Kg7 29. Be2 h5 30. h3 e5 31. dxe6 Rxc6 32. Rxc6 Qxc6 33. Rxd6 Qc7 34. exf7 Qxf7 35. Qd2 Re6 36. Rd7 Re7 37. Rd6 Re6 38. g3 h4 39. Bc4 Rxd6 40. Qxd6 Qe7 41. Qd5 hxg3 42. fxg3 Qe5 43. Qxe5 Bxe5 44. Kf2 g5 45. Kf3 Kg6 46. Kg4 Bf6 47. Bd3+ Kg7 48. Kf5 Bd8 49. Bc4 Bc7 50. Kg4 Kh6 51. h4 gxh4 52. Kxh4 Bd8+ 53. Kg4 Bc7 54. Kf3 Kg5 55. g4 Kh4 56. Be6 Bd6 57. Ke4 Kg5 58. Bd7 Bc7 59. Kd5 Kf4 60. Kc6 Bd8 61. Bc8 1/2-1/2

[Event "GER-ch53 V10 email"]
[Site "GER email"]
[Date "2021.04.21"]
[Round "?"]
[White "Kloster, Josef"]
[Black "Kregelin, Jan"]
[Result "1/2-1/2"]
[WhiteElo "2207"]
[BlackElo "2122"]
[PlyCount "96"]
[EventDate "2021.04.21"]
[EventType "tourn (corr)"]
[EventRounds "10"]
[EventCountry "GER"]
[SourceTitle "Corr 2024"]
[Source "ChessBase"]
[SourceDate "2023.10.19"]
[SourceVersion "1"]
[SourceVersionDate "2023.10.19"]
[SourceQuality "1"]

1. e4 c5 2. Nf3 Nc6 3. d4 cxd4 4. Nxd4 Nf6 5. Nc3 e5 6. Ndb5 d6 7. Nd5 Nxd5 8. exd5 Nb8 9. a4 Be7 10. Be2 0-0 11. 0-0 Nd7 12. Kh1 a6 13. Na3 f5 14. f4 Qc7 15. Nc4 b6 16. Ra3 Rb8 17. Rc3 Qd8 18. b4 g6 19. Rb3 Bb7 20. fxe5 Nxe5 21. Bh6 Rf7 22. Nxe5 dxe5 23. c4 b5 24. cxb5 axb5 25. Bxb5 Qxd5 26. Qxd5 Bxd5 27. Rb2 Be6 28. Rd1 g5 29. Be2 e4 30. a5 Bf6 31. Rbb1 Rc7 32. h4 Rc2 33. Bh5 Bc4 34. hxg5 Be5 35. Rd7 e3 36. Rbd1 Kh8 37. a6 Rg8 38. a7 Ra2 39. Kg1 f4 40. Re7 e2 41. Bxe2 Rxe2 42. g6 hxg6 43. Bg5 Ra8 44. Rxe5 Rxe5 45. Bf6+ Kg8 46. Bxe5 Rxa7 47. Rd6 Ra6 48. Rd4 Rc6 1/2-1/2

[Event "GER-ch53 V10 email"]
[Site "GER email"]
[Date "2021.04.21"]
[Round "?"]
[White "Solf, Frank"]
[Black "Kloster, Josef"]
[Result "1/2-1/2"]
[WhiteElo "2137"]
[BlackElo "2207"]
[PlyCount "47"]
[EventDate "2021.04.21"]
[EventType "tourn (corr)"]
[EventRounds "10"]
[EventCountry "GER"]
[SourceTitle "Corr 2024"]
[Source "ChessBase"]
[SourceDate "2023.10.19"]
[SourceVersion "1"]
[SourceVersionDate "2023.10.19"]
[SourceQuality "1"]

1. e4 c5 2. Nf3 Nc6 3. d4 cxd4 4. Nxd4 Nf6 5. Nc3 e5 6. Ndb5 d6 7. Bg5 a6 8. Na3 b5 9. Nd5 Be7 10. Bxf6 Bxf6 11. c3 Rb8 12. Nc2 Bg5 13. a4 bxa4 14. Ncb4 Nxb4 15. cxb4 0-0 16. Rxa4 a5 17. h4 Bh6 18. b5 Kh8 19. Be2 Be6 20. b3 Bd7 21. Nc3 Rc8 22. Rc4 Rb8 23. Ra4 Rc8 24. Rc4 1/2-1/2

[Event "GER-ch Net blitz qual4"]
[Site "Playchess.com INT"]
[Date "2020.03.23"]
[Round "1"]
[White "Haeussler, Daniel"]
[Black "Kloster, Josef"]
[Result "1-0"]
[WhiteElo "1985"]
[BlackElo "2136"]
[PlyCount "65"]
[EventDate "2020.03.23"]
[EventType "swiss (blitz)"]
[EventRounds "9"]
[EventCountry "GER"]
[SourceTitle "CBM 195 Extra"]
[Source "ChessBase"]
[SourceDate "2020.05.31"]
[SourceVersion "1"]
[SourceVersionDate "2020.05.31"]
[SourceQuality "1"]

1. d4 Nf6 2. c4 g6 3. Nc3 Bg7 4. e4 d6 5. f4 0-0 6. Nf3 e5 7. Bd3 Nc6 8. d5 Nd4 9. Nxd4 exd4 10. Ne2 Bg4 11. h3 Bxe2 12. Qxe2 c5 13. 0-0 Nh5 14. Qf3 Qd7 15. Re1 Rae8 16. Bd2 Re7 17. g4 Nf6 18. e5 Ne8 19. exd6 Nxd6 20. Rxe7 Qxe7 21. Re1 Qd7 22. f5 f6 23. Re6 Re8 24. Bf4 Rxe6 25. dxe6 Qe7 26. Qd5 Ne8 27. fxg6 hxg6 28. Bxg6 Kf8 29. Qd7 b6 30. Bxe8 Qxd7 31. exd7 Ke7 32. Bc7 f5 33. d8Q+ 1-0

[Event "GER-ch48 final email"]
[Site "GER email"]
[Date "2018.09.24"]
[Round "?"]
[White "Baer, Lutz"]
[Black "Kloster, Josef"]
[Result "1/2-1/2"]
[WhiteElo "2424"]
[BlackElo "2459"]
[PlyCount "75"]
[EventDate "2018.??.??"]
[EventType "tourn (corr)"]
[EventRounds "14"]
[EventCountry "GER"]
[SourceTitle "Corr 2020"]
[Source "ChessBase"]
[SourceDate "2019.09.30"]
[SourceVersion "1"]
[SourceVersionDate "2019.09.30"]
[SourceQuality "1"]

1. e4 c5 2. Nf3 Nc6 3. Nc3 e5 4. Bc4 Be7 5. d3 Nf6 6. Bg5 d6 7. 0-0 0-0 8. Bxf6 Bxf6 9. Nd5 g6 10. Qd2 Bg7 11. Qg5 Bd7 12. a4 Nb4 13. Qxd8 Raxd8 14. c3 Nxd5 15. Bxd5 Bh6 16. Ne1 b6 17. Nc2 Bg5 18. Na3 Be7 19. Rfe1 Kg7 20. Nb5 a6 21. Nc7 a5 22. Bc4 Rb8 23. Bb5 Bg4 24. h3 Be6 25. Bc4 Bd7 26. Kf1 Rfc8 27. Nd5 Bg5 28. Ba6 Rd8 29. Nc7 Be6 30. Bc4 Bd7 31. Nb5 Be7 32. Ke2 h5 33. Bd5 Rf8 34. b3 f5 35. Na3 f4 36. f3 g5 37. Nc4 g4 38. Rh1 1/2-1/2

[Event "GER-ch48 final email"]
[Site "GER email"]
[Date "2018.09.24"]
[Round "?"]
[White "Hesse, Olaf"]
[Black "Kloster, Josef"]
[Result "1/2-1/2"]
[WhiteElo "2450"]
[BlackElo "2459"]
[PlyCount "73"]
[EventDate "2018.??.??"]
[EventType "tourn (corr)"]
[EventRounds "14"]
[EventCountry "GER"]
[SourceTitle "Corr 2020"]
[Source "ChessBase"]
[SourceDate "2019.09.30"]
[SourceVersion "1"]
[SourceVersionDate "2019.09.30"]
[SourceQuality "1"]

1. e4 c5 2. Nf3 Nc6 3. d4 cxd4 4. Nxd4 Nf6 5. Nc3 e5 6. Ndb5 d6 7. Bg5 a6 8. Na3 b5 9. Nd5 Be7 10. Bxf6 Bxf6 11. c3 0-0 12. Nc2 Bg5 13. a4 bxa4 14. Rxa4 a5 15. Bc4 Bd7 16. Nce3 Ne7 17. Nxe7+ Bxe7 18. Ra2 Bg5 19. Nd5 a4 20. 0-0 Rb8 21. Bd3 Qc8 22. Nb4 Bd8 23. Bc2 Ba5 24. Nd5 Qc4 25. Qa1 Bb6 26. Bxa4 Be6 27. Bc6 Kh8 28. Nxb6 Qxc6 29. Nd5 Bxd5 30. exd5 Qxd5 31. Rd1 Qe6 32. b4 Rfd8 33. Ra6 g6 34. Qb2 Rbc8 35. b5 Kg7 36. h3 Qc4 37. Ra3 1/2-1/2

[Event "GER-ch48 final email"]
[Site "GER email"]
[Date "2018.09.24"]
[Round "?"]
[White "Kloster, Josef"]
[Black "Hanel, Roland"]
[Result "1/2-1/2"]
[WhiteElo "2459"]
[BlackElo "2348"]
[PlyCount "85"]
[EventDate "2018.??.??"]
[EventType "tourn (corr)"]
[EventRounds "14"]
[EventCountry "GER"]
[SourceTitle "Corr 2022"]
[Source "ChessBase"]
[SourceDate "2021.10.24"]
[SourceVersion "1"]
[SourceVersionDate "2021.10.24"]
[SourceQuality "1"]

1. e4 c5 2. Nc3 Nc6 3. Nge2 Nf6 4. d4 cxd4 5. Nxd4 e5 6. Ndb5 d6 7. Bg5 a6 8. Na3 b5 9. Nd5 Be7 10. Bxf6 Bxf6 11. c3 0-0 12. Nc2 Bg5 13. a4 bxa4 14. Rxa4 a5 15. Bc4 Bd7 16. Nce3 Ne7 17. Nxe7+ Qxe7 18. Nd5 Qd8 19. Ra2 a4 20. Qe2 Rb8 21. 0-0 Qc8 22. Bd3 Bg4 23. Qc2 Bd7 24. Rfa1 Qc5 25. Qe2 f5 26. exf5 Bxf5 27. Bxf5 Rxf5 28. Ne3 Bxe3 29. fxe3 Qb6 30. Qd3 e4 31. Qxe4 Re5 32. Qc4+ d5 33. Qd4 Rxe3 34. Qxd5+ Kh8 35. Qd4 Qxd4 36. cxd4 g6 37. Rxa4 Rxb2 38. R4a2 Rxa2 39. Rxa2 Rd3 40. Ra8+ Kg7 41. Ra7+ Kf6 42. Rxh7 Rxd4 43. h3 1/2-1/2

[Event "GER-ch48 final email"]
[Site "GER email"]
[Date "2018.09.24"]
[Round "?"]
[White "Kloster, Josef"]
[Black "Wagner, Richard"]
[Result "1/2-1/2"]
[WhiteElo "2459"]
[BlackElo "2446"]
[PlyCount "72"]
[EventDate "2018.??.??"]
[EventType "tourn (corr)"]
[EventRounds "14"]
[EventCountry "GER"]
[SourceTitle "Corr 2020"]
[Source "ChessBase"]
[SourceDate "2019.09.30"]
[SourceVersion "1"]
[SourceVersionDate "2019.09.30"]
[SourceQuality "1"]

1. e4 c5 2. Nc3 e6 3. Nge2 Nc6 4. d4 cxd4 5. Nxd4 Qc7 6. Be3 a6 7. a3 Be7 8. g4 b5 9. Nxc6 dxc6 10. Qf3 Bb7 11. Bg2 Nf6 12. g5 Nd7 13. Qg3 0-0-0 14. 0-0-0 h6 15. gxh6 gxh6 16. f4 Rhg8 17. Qf2 c5 18. Bf3 Qc6 19. b3 Bf6 20. Qe1 Qc7 21. Rf1 Qa5 22. Nb1 Qxe1 23. Rdxe1 Bd4 24. Nd2 Bxe3 25. Rxe3 Kc7 26. Re2 Nb6 27. e5 Bxf3 28. Rxf3 c4 29. f5 Rd5 30. Kb2 Rgd8 31. fxe6 fxe6 32. Rf7+ R8d7 33. Rxd7+ Rxd7 34. Nf3 cxb3 35. cxb3 Kc6 36. Kc3 Nd5+ 1/2-1/2

[Event "GER-ch48 final email"]
[Site "GER email"]
[Date "2018.09.24"]
[Round "?"]
[White "Koentges, Markus"]
[Black "Kloster, Josef"]
[Result "1/2-1/2"]
[WhiteElo "2390"]
[BlackElo "2459"]
[PlyCount "93"]
[EventDate "2018.??.??"]
[EventType "tourn (corr)"]
[EventRounds "14"]
[EventCountry "GER"]
[SourceTitle "Corr 2022"]
[Source "ChessBase"]
[SourceDate "2021.10.24"]
[SourceVersion "1"]
[SourceVersionDate "2021.10.24"]
[SourceQuality "1"]

1. e4 c5 2. Nf3 Nc6 3. Bb5 g6 4. 0-0 Bg7 5. c3 Nf6 6. Re1 0-0 7. h3 a6 8. Bxc6 bxc6 9. d4 d5 10. e5 Ne4 11. Be3 cxd4 12. cxd4 a5 13. Qc2 Qb6 14. Nc3 Nxc3 15. Qxc3 a4 16. Rac1 Rb8 17. Re2 Ba6 18. Rec2 Bc4 19. Nd2 Bb5 20. Bf4 Rb7 21. Qe3 Ra8 22. Nb1 Rc8 23. a3 Ra7 24. Rc3 Qd8 25. Bh6 Rb7 26. Nd2 Ra8 27. Qf4 Bxh6 28. Qxh6 Qf8 29. Qf4 Rb6 30. h4 h5 31. Re1 e6 32. g4 hxg4 33. Rg3 Ba6 34. h5 Rxb2 35. Qe3 Bd3 36. Qxd3 Qh6 37. Re2 Rab8 38. Rxg4 Qxh5 39. f3 Qh6 40. f4 Kf8 41. Rh2 R8b3 42. Qf1 Qxh2+ 43. Kxh2 Rxd2+ 44. Rg2 Rdd3 45. Re2 Rxa3 46. f5 gxf5 47. Rg2 1/2-1/2